À quel continent appartient ce pays ? - Statistiques

Statistiques générales
  • Ce quiz a été pris 345 fois
  • Le résultat moyen est 13 sur 15
Statistiques - réponses
Question Réponse % Correct
Gabon Afrique
100%
Chine Asie
100%
Autriche Europe
100%
Moldavie Europe
100%
Dominique Amérique
95%
St Marin Europe
95%
Lesotho Afrique
85%
Barbade Amérique
85%
Samoa Océanie
85%
Suriname Amérique
75%
Bahreïn Asie
75%
Palaos Océanie
75%
Nauru Océanie
75%
Sao Tomé et Principe Afrique
70%
Maldives Asie
70%
Aucun quiz correspondant
Distribution des résultats
% des personnes avec chaque résultat
Percentile par nombre de réponses
Votre historique - résultats
Vous n’avez pas pris ce quiz